LEADER 01134nam0 22003253i 450 001 FER0057637 005 20231121125501.0 020 $aIT$b1949 3714 100 $a20130220d1949 ||||0itac50 ba 101 | $aita 102 $ait 181 1$6z01$ai $bxxxe 182 1$6z01$an 200 1 $aJohn Locke$eil pensiero filosofico e pedagogico$fFrancesco De Bartolomeis 210 $aFirenze$cLa nuova Italia$d1949 215 $aVI, 145 p.$d20 cm. 225 | $aEducatori antichi e moderni$v64 410 0$1001CFI0000088$12001 $aEducatori antichi e moderni$v64 606 $aLocke, John$2FIR$3RMLC073730$9I 620 $aIT$dFirenze$3RMSL001067 676 $a192$9$v16 700 1$aDe Bartolomeis$b, Francesco$3CFIV005608$4070$0120684 801 3$aIT$bIT-01$c20130220 850 $aIT-FR0017 899 $aBiblioteca umanistica Giorgio Aprea$bFR0017 912 $aFER0057637 950 0$aBiblioteca umanistica Giorgio Aprea$d 52MAG 1/2397$e 52MAG0000000345 VMN RS $fA $h20130220$i20130220 977 $a 52 996 $aJohn Locke$9275490 997 $aUNICAS LEADER 00865cam0 22002413 450 001 SOB021924 005 20240503093602.0 100 $a20040211d1997 |||||ita|0103 ba 101 $ager 102 $aDE 200 1 $aRömische Strassen in ihrer Landschaft$eDas Nachleben antiker Strassen um Rom mit Hinweisen zur Begehung im Gelände$fArnold Esch 210 $aMainz am Rhein$cVerlag Philipp von Zabern$d1997 215 $a162 p.$cill.$d30 cm 700 1$aEsch$b, Arnold$3AF00013480$4070$0152057 801 0$aIT$bUNISOB$c20240503$gRICA 850 $aUNISOB 852 $aUNISOB$j930$m117448 912 $aSOB021924 940 $aM 102 Monografia moderna SBN 941 $aM 957 $a930$b000064$gSI$d117448$rACQUISTO$1bethb$2UNISOB$3UNISOB$420121211103514.0$520121211103537.0$6bethb 996 $aRömische Strassen in ihrer Landschaft$91677189 997 $aUNISOB